<?xml version="1.0" encoding="UTF-8"?>
<marc:record xmlns:marc="http://www.loc.gov/MARC21/slim">
   <marc:leader>00000nam a2200000 a 4500</marc:leader>
   <marc:datafield ind1="1" ind2=" " tag="100">
      <marc:subfield code="a">Niederberger, Walter</marc:subfield>
      <marc:subfield code="4">aut</marc:subfield>
      <marc:subfield code="e">Verfasser/-in</marc:subfield>
   </marc:datafield>
   <marc:datafield ind1=" " ind2=" " tag="653">
      <marc:subfield code="a">Trump</marc:subfield>
   </marc:datafield>
   <marc:datafield ind1=" " ind2=" " tag="653">
      <marc:subfield code="a">Donald</marc:subfield>
   </marc:datafield>
   <marc:datafield ind1=" " ind2=" " tag="653">
      <marc:subfield code="a">Präsidentenwahl</marc:subfield>
   </marc:datafield>
   <marc:datafield ind1=" " ind2=" " tag="653">
      <marc:subfield code="a">Softcover / Sachbücher/Politik</marc:subfield>
   </marc:datafield>
   <marc:datafield ind1=" " ind2=" " tag="653">
      <marc:subfield code="a">Gesellschaft</marc:subfield>
   </marc:datafield>
   <marc:datafield ind1=" " ind2=" " tag="653">
      <marc:subfield code="a">Wirtschaft/Politik</marc:subfield>
   </marc:datafield>
   <marc:datafield ind1="0" ind2="0" tag="245">
      <marc:subfield code="a">Trumpland</marc:subfield>
   </marc:datafield>
   <marc:datafield ind1="0" ind2="0" tag="245">
      <marc:subfield code="b">Donald Trump und die USA : Porträt einer gespaltenen Nation</marc:subfield>
   </marc:datafield>
   <marc:datafield ind1="0" ind2="0" tag="245">
      <marc:subfield code="c">Walter Niederberger</marc:subfield>
   </marc:datafield>
   <marc:datafield ind1=" " ind2="1" tag="264">
      <marc:subfield code="a">Zürich</marc:subfield>
      <marc:subfield code="b">Orell Füssli Verlag</marc:subfield>
   </marc:datafield>
   <marc:datafield ind1="1" ind2=" " tag="520">
      <marc:subfield code="a">Angaben aus der Verlagsmeldung

In Trump We Trust - Der ängstliche Riese USA : Porträt einer gespaltenen Nation / von Walter Niederberger

Der schier unaufhaltsame Aufstieg des Donald Trump, seine triumphalen Erfolge in den Vorwahlen markieren schon jetzt den wichtigsten innenpolitischen Wandel in den USA der letzten fünfzig Jahre. Noch nie hat die Führung einer Partei so massiv, so offen und so wirkungslos versucht, ihren eigenen Spitzenkandidaten zu demontieren. Und noch nie wurde eine Partei von einem ihrer Kandidaten so vor sich hergetrieben wie die der Republikaner von dem Alleszermalmer Trump.
Es ist Das Buch zu den US-Präsidentschaftswahlen 2016 und eine eindrucksvolle Darstellung, weshalb sich so viele Amerikaner gerade für Trump begeistern und wie er zum Racheengel der Frustrierten, Wütenden und Zukurzgekommenen werden konnte. Es ist die kluge Analyse einer gespaltenen und gekränkten Nation, die acht Jahre nach Obama voller Zorn und Selbstzweifel auf den Erlöser hofft. Für alle, die verstehen möchten, was sich im Innersten der immer noch mächtigsten Nation unserer Tage abspielt, und was das für uns bedeutet.
</marc:subfield>
   </marc:datafield>
   <marc:datafield ind1=" " ind2=" " tag="020">
      <marc:subfield code="a">9783280056387</marc:subfield>
      <marc:subfield code="9">9783280056387</marc:subfield>
   </marc:datafield>
   <marc:datafield ind1=" " ind2=" " tag="020">
      <marc:subfield code="a">3280056381</marc:subfield>
      <marc:subfield code="9">3280056381</marc:subfield>
   </marc:datafield>
   <marc:datafield ind1=" " ind2=" " tag="041">
      <marc:subfield code="a">ger</marc:subfield>
   </marc:datafield>
   <marc:datafield ind1=" " ind2=" " tag="300">
      <marc:subfield code="a">224 Seiten</marc:subfield>
   </marc:datafield>
</marc:record>
